Valence (France) - Choix multiples - Statistiques

Statistiques générales
  • Ce quiz a été pris 76 fois
  • Le résultat moyen est 8 sur 10
Statistiques - réponses
Question Réponse % Correct
De quel département, Valence est-elle la préfecture ? Drôme
97%
Quel cours d'eau coulant à Valence sert de frontière naturelle avec le département de la question précédente ? Rhône
86%
Quel département est frontalier de Valence par les villes de Guilherand-Granges et Soyons ? Ardèche
82%
Quelle photo correspond au parc Jouvet, inauguré le 13 août 1905, et est emblématique de la préfecture ?
80%
Quel nom donne-t-on aux habitants de Valence ? Valentinois
78%
Quelles autoroutes traversent la ville de Valence ? A7 et A49
77%
Quel port de plaisance est reconnu comme étant le 1er port fluvial de France par sa grandeur (17 hectares + parc de loisirs) ? L'Epervière
77%
Avec quelle commune limitrophe, la ville de Valence possède-t-elle un aéroport en activité depuis 1969 ? Chabeuil
71%
Quel sportif drômois est né à Valence ? Sébastien Chabal
62%
Quel édifice a été inauguré en 1854 ? La gare de Valence-ville
52%
Aucun quiz correspondant
Distribution des résultats
% des personnes avec chaque résultat
Percentile par nombre de réponses
Votre historique - résultats
Vous n’avez pas pris ce quiz